Ekonomické a finanční řízení firmy manažerské účetnictví v praxi

Na minha lista:
Detalhes bibliográficos
Autor principal: Petřík, Tomáš
Formato: Livro
Idioma:tcheco
Publicado em: Praha GRADA Publishing 2009
Edição:2. výrazně rozšíř. a aktualiz. vyd.
Assuntos:
Tags: Adicionar Tag
Sem tags, seja o primeiro a adicionar uma tag!

MARC

LEADER 00000nam$a2200000$$$4500
001 0104089
005 20240313085721.8
020 |a 978-80-247-3024-0 
041 0 |a cze 
044 |a CZ 
245 1 0 |a Ekonomické a finanční řízení firmy  |b manažerské účetnictví v praxi  |c Tomáš Petřík 
250 |a 2. výrazně rozšíř. a aktualiz. vyd. 
264 1 |a Praha  |b GRADA Publishing  |c 2009 
300 |a 735 s. 
610 2 0 |a podnik 
610 2 0 |a firmy 
610 2 0 |a riadenie podnikové 
610 2 0 |a riadenie finančné 
610 2 0 |a riadenie hospodárske 
610 2 0 |a účtovníctvo manažérske 
100 1 |a Petřík, Tomáš